00147 a2200073 450000100060000010000110000624500360001726000200005317415 aQuddus aPakistan the task before nation abS.I. Gilanic